000 00674nam a2200205 a 4500
001 000015019
005 20240409073638.0
008 100129t2006 dr 001 0bspa d
040 _aDO-SdBNP
_bspa
_cBNPHU
082 _a923.17293053
_bT866k
100 1 _aKury, Farid,
_d1962-
_933990
245 1 0 _aTrujillo el gladiador /
_cFarid Kury ; prólogo Víctor Espinal.
260 _aSanto Domingo :
_bCentenario,
_c2006.
300 _a157 p. ;
_c21 cm.
504 _aBibliografía : p. 153-157.
600 1 0 _aTrujillo Molina, Rafael Leónidas,
_d 1891-1961
_976764
700 1 _aEspinal, Víctor,
_epról.
_926776
910 _aValidado. Control de calidad EMS.
049 _aBNPD
999 _c14592
_d14592